Masters of the Universe Franchise - Statistics

General Stats
  • This quiz has been taken 11 times
  • The average score is 33 of 128
Answer Stats
Type Year Name Info % Correct
Magazine 1989-1991 He-Man Germany
100%
Toyline 1989-1992 He-Man Mattel
100%
Video Game 2012 He-Man: The Most Powerful Game in the Universe Chillingo
100%
Comic Mini-Series 1982 Masters of the Universe DC Comics
100%
Toyline 1982-1988 Masters of the Universe Mattel
100%
Comic Series 1983-1990 Masters of the Universe Interpart/Condor Verlag
100%
Magazine 1985-1988 Masters of the Universe USA
100%
Magazine 1985-1988 Masters of the Universe Germany
100%
Comic Strip 1985-1989 Masters of the Universe James Shull / Chris Weber / Karen Willson
100%
Comic Series 1986-1987 Masters of the Universe Marvel Comics
100%
Magazine 1986-1988 Masters of the Universe UK
100%
Magazine 1987 Masters of the Universe Australia
100%
Film 1987 Masters of the Universe Cannon Films
100%
Magazine 1987-1989 Masters of the Universe Sweden
100%
Comic Series 2002-2005 Masters of the Universe Image Comics / MVCreations
100%
Toyline 2002-2007 Masters of the Universe Mattel
100%
TV Show 1985-1986 She-Ra: Princess of Power Syndication
86%
Video Game 1987 Masters of the Universe: The Movie Gremlin Graphics
57%
TV Special 1985 He-Man & She-Ra: A Christmas Special Syndication
43%
TV Show 1983-1985 He-Man and the Masters of the Universe Syndication
29%
Book 1985 He-Man and the Masters of the Universe Val Staples / James Eatock / Josh de Lioncourt / Danielle Gelehrter
29%
Comic Series 2012-2019 He-Man and the Masters of the Universe DC Comics
29%
Book 2017 He-Man and the Masters of the Universe: A Character Guide and World Compendium N/A
29%
Video Game 2002 He-Man: Power of Grayskull TDK
29%
Toyline 2008-Present Masters of the Universe Classics Mattel
29%
Web Series TBA Masters of the Universe: Revelation Netflix
29%
Minicomic 1989 The New Adventure Mattel
29%
TV Show 1990 The New Adventures of He-Man Syndication
29%
Minicomic 1985 A Born Champion Mattel
14%
Minicomic 1985 Across the Crystal Light Barrier Mattel
14%
Minicomic 1984 Adventure of the Blue Diamond Mattel
14%
Minicomic 1985 A Fishy Business! Mattel
14%
Minicomic 1985 A Most Unpleasant Present Mattel
14%
Book 1983 A Trap for He-Man John Grant
14%
Minicomic 1989 Battle for the Crystal Mattel
14%
Minicomic 1981 Battle in the Clouds Mattel
14%
Minicomic 1985 Between a Rock and a Hard Place! Mattel
14%
Book 1984 Castle Grayskull Under Attack! John Grant
14%
Minicomic 1984 Disappearing Treasures Mattel
14%
Minicomic 1986 Don't Rain on My Parade! Mattel
14%
Minicomic 1983 Double-Edged Sword Mattel
14%
Minicomic 1983 Dragon's Gift Mattel
14%
Minicomic 1986 Energy Zoids Mattel
14%
Minicomic 1986 Enter...Buzz-Saw Hordak! Mattel
14%
Minicomic 1985 Escape from the Slime Pit! Mattel
14%
Minicomic 1985 Eye of the Storm Mattel
14%
Minicomic 1985 Fantastic Fashions Mattel
14%
Minicomic 1984 Grizzlor - The Legend Comes Alive! Mattel
14%
Book 2016 He-Man and She-Ra: A Complete Guide to the Classic Animated Adventures N/A
14%
Film 1985 He-Man and She-Ra: The Secret of the Sword Atlantic Releasing
14%
Book 1986 He-Man and the Asteroid of Doom John Grant
14%
Minicomic 1983 He-Man and the Insect People Mattel
14%
Book 1986 He-Man and the Lost Dragon John Grant
14%
Minicomic 1981 He-Man and the Power Sword Mattel
14%
Minicomic 1982 He-Man Meets Ram-Man Mattel
14%
Book 1985 He-Man Meets the Beast John Grant
14%
Minicomic 2014 He-Man vs. Skeletor - Their Final Battle! Mattel
14%
Minicomic 1984 Hordak: The Ruthless Leader's Revenge! Mattel
14%
Minicomic 1984 Journey to Mizar Mattel
14%
Minicomic 1981 King of Castle Grayskull Mattel
14%
Minicomic 1985 King of the Snake Men Mattel
14%
Minicomic 1984 Leech: The Master of Power Suction Unleashed! Mattel
14%
Minicomic 1984 Mantenna and the Menace of the Evil Horde! Mattel
14%
Minicomic 1983 Masks of Power Mattel
14%
Toyline 1985-1987 Princess of Power Mattel
14%
Magazine 1986-1987 Princess of Power USA
14%
Magazine 1986-1987 Princess of Power UK
14%
Magazine 1986-1987 Princess of Power Germany
14%
Minicomic 1986 Revenge of the Snake Men! Mattel
14%
Minicomic 1985 Rock People to the Rescue! Mattel
14%
Minicomic 1984 Skeletor's Dragon Mattel
14%
Book 1984 Skeletor's Ice Attack John Grant
14%
Minicomic 1989 Skeletor's Journey Mattel
14%
Minicomic 1983 Slave City Mattel
14%
Minicomic 1985 Snake Attack! Mattel
14%
Minicomic 1984 Spikor Strikes Mattel
14%
Minicomic 1984 The Battle of Roboto Mattel
14%
Minicomic 1983 The Clash of Arms Mattel
14%
Minicomic 1987 The Cosmic Key Mattel
14%
Minicomic 2015 The Fall of Eternia Part One - Homecoming! Mattel
14%
Minicomic 2015 The Fall of Eternia Part Three - The Third Ultimate Battleground Mattel
14%
Minicomic 2015 The Fall of Eternia Part Two - Together Again for the First Time! Mattel
14%
Minicomic 1985 The Fastest Draw in the Universe Mattel
14%
Minicomic 1985 The Flying Fists of Power! Mattel
14%
Minicomic 1984 The Hidden Symbols Mystery Mattel
14%
Minicomic 1985 The Hordes of Hordak Mattel
14%
Book 1984 The Iron Master John Grant
14%
Minicomic 1982 The Magic Stealer! Mattel
14%
Minicomic 1985 The Menace of Multi-Bot! Mattel
14%
Minicomic 1982 The Menace of Trap Jaw Mattel
14%
Minicomic 1984 The Obelisk Mattel
14%
Minicomic 1982 The Ordeal of Man-E-Faces Mattel
14%
Minicomic 1982 The Power of...Point Dread! Mattel
14%
Minicomic 1986 The Powers of Grayskull - The Legend Begins! Mattel
14%
Minicomic 2011 The Powers of Greyskull Part One: The Legend Begins! Mattel
14%
Minicomic 2012 The Powers of Greyskull Part Three: Battle for the Fate of the Universe! Mattel
14%
Minicomic 2012 The Powers of Greyskull Part Two: He-Ro Unleashed! Mattel
14%
Minicomic 1989 The Revenge of Skeletor! Mattel
14%
Minicomic 1986 The Search for Keldor Mattel
14%
Minicomic 1983 The Secret Liquid of Life Mattel
14%
Minicomic 2013 The Secret Origin of Skeletor! Mattel
14%
Minicomic 1983 The Siege of Avion Mattel
14%
Minicomic 1984 The Stench of Evil! Mattel
14%
Minicomic 1984 The Story of She-Ra Mattel
14%
Minicomic 1982 The Tale of Teela Mattel
14%
Minicomic 1983 The Temple of Darkness! Mattel
14%
Minicomic 1985 The Terror Claws Strike! Mattel
14%
Minicomic 1982 The Terror of Tri-Klops Mattel
14%
Minicomic 1984 The Treachery of Modulok Mattel
14%
Minicomic 1986 The Ultimate Battleground! Mattel
14%
Minicomic 1981 The Vengeance of Skeletor Mattel
14%
Minicomic 1985 The Warrior Machine! Mattel
14%
Minicomic 1986 Where Hope Has Gone Mattel
14%
Book 1984 Wings of Doom John Grant
14%
Book 1985 He-Man Action Frieze Ladybird
0%
Magazine 1989-1990 He-Man Adventure UK
0%
Book 1985 He-Man and the Memory Stone Roger Hunt / Jason Kingsley
0%
Video Game 2005 He-Man: Defender of Grayskull Midas Interactive Entertainment
0%
Video Game 2016 He-Man: Tappers of Grayskull Animoca Brands
0%
Magazine 1986-1988 Masters of the Universe Adventure UK
0%
Video Game 1987 Masters of the Universe: The Arcade Game U.S. Gold
0%
Video Game 1983 Masters of the Universe: The Power of He-Man Mattel
0%
Video Game 1986 Masters of the Universe: The Super Adventure U.S. Gold
0%
TV Show 2002-2004 Masters of the Universe vs. The Snakemen Cartoon Network
0%
Magazine 1983-1985 Plú Italy
0%
Web Series 2018-Present She-Ra and the Princesses of Power Netflix
0%
Book 2015 The Art of He-Man and the Masters of the Universe Daniel Chabon / Steve Seeley / Tim Seeley
0%
Role-Playing Game 1985 The Masters of the Universe Role Playing Game FASA
0%
No matching quizzes found
Score Distribution
Percent of People with Each Score
Percentile by Number Answered
Your Score History
You have not taken this quiz